000 00898nam a2200241Ia 4500
003 OSt
005 20220923222301.0
006 a|||||r|||| 00| 0
007 ta
008 220922b |||||||| |||| 00| 0 mar d
024 _a204,248
037 _cTextual
040 _aARTS
_cARTS
_bmar
041 _2mar
_amar
082 _aO155,1KCH,BE, 152K7
100 _aचतुरदास; भांडे, प्रभाकर भा0, अनु.
_9166580
245 0 _aभागवत एकादश स्कधं भाषा टीका
246 _aBhāgavat ekādash skadhan bhāṣhā ṭīkā
260 _aमहाराष्ट्र
_b ग0व0 करमरकर
_c1967
300 _a224पृ0
_ccm.
942 _hO155,1KCH,BE, 152K7
_cTEXL
_2CC
999 _c354997
_d354997